000 004290000a22001810004500
003 MACL
005 20151018125532.0
008 151018b xxu||||| |||| 00| 0 eng d
040 _aMACL
_cMACL
041 _aEnglish
082 _a920/NAN
100 _aNandakumar, Prema
_912141
245 _aThe Mother
260 _bNational Book Trust
_c1991
_aNew Delhi
350 _a15
650 _aBiography
_915793
942 _cBK
_k920
_2ddc
999 _c4397
_d4397